Wie heißt die Frucht? (Mittel) - Statistiken

Allgemein
  • Dieses Quiz wurde 583 mal gespielt
  • Das Durchschnittsergebnis liegt bei 13 aus 16
Antwortstatistiken
Bildquiz Antwort % Korrekt
Kiwi
100%
Mango
97%
Mandarine/Clementine
96%
Avocado
94%
Brombeere
93%
Limette
93%
Pflaume
93%
Granatapfel
90%
Johannesbeere
89%
Sternfrucht
80%
Aprikose/Nektarine
79%
Papaya
78%
Grapefruit
75%
Stachelbeere
71%
Honigmelone
68%
Holunderbeere
33%
Keine übereinstimmenden Quizze gefunden
Verteilung der Resultate
Anzahl Personen mit jedem Resultat
Perzentil nach korrekt beantworteten Fragen
Ihre Resultats-Entwicklung
Sie haben dieses Quiz noch nicht gespielt